000 00528nam a2200205Ia 4500
005 20231106102437.0
008 131103s9999 xx 000 0 und d
020 _a8170460670
040 _aLoreto College
041 _aEnglish
082 _a793.73
_bBAS
100 _aBasu,Siddhartha
245 _aInquizitime
_b The India Quizbook
_cSiddhartha Basu
260 _aCalcutta
_bSeagul Books
_c1989
300 _a167 p.
_b illus.
650 _aQuestions and Answers
651 _aQuizzes
850 _aLCLIB
942 _cBK
999 _c17517
_d67996